Designs on the land : (Record no. 16035)

MARC details
000 -LEADER
fixed length control field 01012nam a2200277 4500
001 - CONTROL NUMBER
control field 000
005 - DATE AND TIME OF LATEST TRANSACTION
control field 20170831121707.0
006 - FIXED-LENGTH DATA ELEMENTS--ADDITIONAL MATERIAL CHARACTERISTICS--GENERAL INFORMATION
fixed length control field 000
007 - PHYSICAL DESCRIPTION FIXED FIELD--GENERAL INFORMATION
fixed length control field 000
008 - FIXED-LENGTH DATA ELEMENTS--GENERAL INFORMATION
fixed length control field 000
010 ## - LIBRARY OF CONGRESS CONTROL NUMBER
LC control number 92981186
020 ## - INTERNATIONAL STANDARD BOOK NUMBER
International Standard Book Number 9966410260 :
Terms of availability Kshs140.00 (US $17.00)
040 ## - CATALOGING SOURCE
Original cataloging agency UOE
Transcribing agency DLC
043 ## - GEOGRAPHIC AREA CODE
Geographic area code f-ug---
050 00 - LIBRARY OF CONGRESS CALL NUMBER
Classification number S542.U4D4
Item number O65 1992
100 2# - MAIN ENTRY--PERSONAL NAME
Personal name Opio-Odongo, Joe Martin Aldo,
Dates associated with a name 1946-
245 10 - TITLE STATEMENT
Title Designs on the land :
Remainder of title agricultural research in Uganda 1890-1990 /
Statement of responsibility, etc J.M.A. Opio-Odongo.
260 ## - PUBLICATION, DISTRIBUTION, ETC. (IMPRINT)
Place of publication, distribution, etc Nairobi, Kenya :
Name of publisher, distributor, etc ACTS Press, African Centre for Technology Studies,
Date of publication, distribution, etc 1992.
300 ## - PHYSICAL DESCRIPTION
Extent 144 p. :
Other physical details ill., map ;
Dimensions 24 cm.
440 #0 - SERIES STATEMENT/ADDED ENTRY--TITLE
Title ACTS technology policy series ;
Volume number/sequential designation no. 2
504 ## - BIBLIOGRAPHY, ETC. NOTE
Bibliography, etc Includes bibliographical references (p. 127-137) and index.
650 #0 - SUBJECT ADDED ENTRY--TOPICAL TERM
Topical term or geographic name as entry element Agriculture
General subdivision Research
Geographic subdivision Uganda
General subdivision History.
906 ## - LOCAL DATA ELEMENT F, LDF (RLIN)
a 7
b cbc
c orignew
d 3
e ncip
f 19
g y-gencatlg
942 ## - ADDED ENTRY ELEMENTS (KOHA)
Source of classification or shelving scheme Library of Congress Classification
Item type SES Book
Holdings
Withdrawn status Lost status Source of classification or shelving scheme Damaged status Not for loan Home library Current library Shelving location Date acquired Total Checkouts Full call number Barcode Date last seen Copy number Price effective from Koha item type
    Library of Congress Classification     UOE Main Library UOE Main Library Open shelf 31/08/2017   S542.U4D4 O65 1992 20053770 27/04/2026 20053770 31/08/2017 SES Book
    Library of Congress Classification     UOE Main Library UOE Main Library Open shelf 31/08/2017   S542.U4D4 O65 1992 20053771 27/04/2026 20053771 31/08/2017 SES Book
    Library of Congress Classification     UOE Main Library UOE Main Library Open shelf 31/08/2017   S542.U4D4 O65 1992 10038723 27/04/2026 10038723 31/08/2017 SES Book
    Library of Congress Classification     UOE Main Library UOE Main Library Open shelf 31/08/2017   S542.U4D4 O65 1992 20054121 27/04/2026 20054121 31/08/2017 SES Book
    Library of Congress Classification     UOE Main Library UOE Main Library Open shelf 31/08/2017   S542.U4D4 O65 1992 10038724 27/04/2026 10038724 31/08/2017 SES Book
    Library of Congress Classification     UOE Main Library UOE Main Library Open shelf 31/08/2017   S542.U4D4 O65 1992 20053773 27/04/2026 20053773 31/08/2017 SES Book
    Library of Congress Classification     UOE Main Library UOE Main Library Open shelf 31/08/2017   S542.U4D4 O65 1992 10038722 27/04/2026 10038722 31/08/2017 SES Book
    Library of Congress Classification     UOE Main Library UOE Main Library Open shelf 31/08/2017   S542.U4D4 O65 1992 20053772 27/04/2026 20053772 31/08/2017 SES Book